| 000 | 00398nam a2200145Ia 4500 | ||
|---|---|---|---|
| 008 | 211109s9999||||xx |||||||||||||| ||und|| | ||
| 082 |
_a894.8121 _bKUM.N |
||
| 100 | _aKumaranasan, N | ||
| 245 | 0 | _aAsante Padyakrutikal | |
| 260 |
_bD c Books _aKottayam _c1975 |
||
| 300 | _a904p | ||
| 630 | _xGeneral stack | ||
| 650 |
_aLiterature _vmalayalam literature _xMalayalam PoetryMalayalam |
||
| 942 | _cBOOK | ||
| 999 |
_c54301 _d54301 |
||